<?xml version="1.0" encoding="UTF-8"?>
<record
    xmlns:xsi="http://www.w3.org/2001/XMLSchema-instance"
    xsi:schemaLocation="http://www.loc.gov/MARC21/slim http://www.loc.gov/standards/marcxml/schema/MARC21slim.xsd"
    xmlns="http://www.loc.gov/MARC21/slim">

  <leader>01061nam a2200277 i 4500</leader>
  <controlfield tag="001">185679</controlfield>
  <controlfield tag="003">SpMaBN</controlfield>
  <controlfield tag="005">20250821111723.0</controlfield>
  <controlfield tag="008">160802s2000    sp           |||| | spa d</controlfield>
  <datafield tag="020" ind1=" " ind2=" ">
    <subfield code="a">84-8306-303-4</subfield>
  </datafield>
  <datafield tag="080" ind1=" " ind2=" ">
    <subfield code="a">242</subfield>
  </datafield>
  <datafield tag="245" ind1="0" ind2="0">
    <subfield code="a">Imitaci&#xF3;n de Cristo </subfield>
    <subfield code="b">: (primer tratado) / </subfield>
    <subfield code="c">Tom&#xE1;s de Kempis ; pr&#xF3;logo de Enrique Miret Magdalena ; [versi&#xF3;n atribuida a Fray Luis de Granada ; presentaci&#xF3;n, Carlos Garc&#xED;a Gual].</subfield>
  </datafield>
  <datafield tag="246" ind1="3" ind2="5">
    <subfield code="a">Imitaci&#xF3;n de Cristo </subfield>
    <subfield code="b">: (Contemptus mundi)</subfield>
  </datafield>
  <datafield tag="250" ind1=" " ind2=" ">
    <subfield code="a">1&#xAA; ed.</subfield>
  </datafield>
  <datafield tag="260" ind1=" " ind2=" ">
    <subfield code="a">Madrid : </subfield>
    <subfield code="b">Debate, </subfield>
    <subfield code="c">2000.</subfield>
  </datafield>
  <datafield tag="300" ind1=" " ind2=" ">
    <subfield code="a">124 p. ; </subfield>
    <subfield code="c">20 cm.</subfield>
  </datafield>
  <datafield tag="490" ind1="1" ind2=" ">
    <subfield code="a">Siete libros sobre el arte de vivir ; </subfield>
    <subfield code="v">3</subfield>
  </datafield>
  <datafield tag="650" ind1="0" ind2="7">
    <subfield code="a">Meditaciones.</subfield>
    <subfield code="9">14983</subfield>
  </datafield>
  <datafield tag="700" ind1="0" ind2=" ">
    <subfield code="a">Thomas a Kempis.</subfield>
    <subfield code="9">110051</subfield>
  </datafield>
  <datafield tag="700" ind1="1" ind2=" ">
    <subfield code="a">Miret Magdalena, Enrique.</subfield>
    <subfield code="9">81583</subfield>
  </datafield>
  <datafield tag="700" ind1="0" ind2=" ">
    <subfield code="a">Luis de Granada, </subfield>
    <subfield code="c">(O.P.), </subfield>
    <subfield code="d">1504-1588</subfield>
    <subfield code="9">74687</subfield>
  </datafield>
  <datafield tag="700" ind1="1" ind2=" ">
    <subfield code="a">Garc&#xED;a Gual, Carlos.</subfield>
    <subfield code="9">54728</subfield>
  </datafield>
  <datafield tag="830" ind1="0" ind2=" ">
    <subfield code="a">Siete libros sobre el arte de vivir ; </subfield>
    <subfield code="v">3</subfield>
    <subfield code="9">225265</subfield>
  </datafield>
  <datafield tag="852" ind1=" " ind2=" ">
    <subfield code="a">ES-MaACL</subfield>
    <subfield code="j">L-30495 </subfield>
    <subfield code="z">- enc. cart. </subfield>
    <subfield code="z">. - Donat. Miguel A. Velasco</subfield>
  </datafield>
  <datafield tag="999" ind1=" " ind2=" ">
    <subfield code="c">185679</subfield>
    <subfield code="d">185679</subfield>
  </datafield>
  <datafield tag="952" ind1=" " ind2=" ">
    <subfield code="0">0</subfield>
    <subfield code="1">0</subfield>
    <subfield code="4">0</subfield>
    <subfield code="7">0</subfield>
    <subfield code="a">ATENEOM</subfield>
    <subfield code="b">ATENEOM</subfield>
    <subfield code="c">DEPO2</subfield>
    <subfield code="d">2016-08-02</subfield>
    <subfield code="e">DON</subfield>
    <subfield code="l">0</subfield>
    <subfield code="o">L-30495</subfield>
    <subfield code="p">1195729</subfield>
    <subfield code="r">2023-02-23 00:00:00</subfield>
    <subfield code="w">2023-02-23</subfield>
    <subfield code="y">MONOGRAFIA</subfield>
  </datafield>
</record>
